000 00448nam a2200181Ia 4500
005 20240823043239.0
008 240823s9999||||xx |||||||||||||| ||und||
041 _aENGLISH
082 _A530.1
100 _aRama Rao V V B
245 0 _aOn a Problem of Garrett Birkhoff and Related Topics
250 _a1st
260 _bThe Institute Mathematical Sc
500 _aTRANSFERED
650 _aGeneral
_bGeneral
942 _cBK
999 _c209784
_d209784